| 000 | 00782cam a22002411 4500 | ||
|---|---|---|---|
| 001 | pa 57000019 | ||
| 003 | DLC | ||
| 005 | 20260227111854.0 | ||
| 008 | 751009s1957 dcu i000 0 eng c | ||
| 010 | _apa 57000019 | ||
| 035 | _a(OCoLC)1689281 | ||
| 040 |
_aPan American Union. Library _cFU _dDLC |
||
| 042 | _apremarc | ||
| 043 | _acl----- | ||
| 050 | 0 | 0 |
_aHD7320 _b.I53 1956c |
| 082 | _a331.833 | ||
| 111 | 2 |
_aInter-American Technical Meeting on Housing and Planning _n(1st : _d1956 : _cBogotá) |
|
| 245 | 0 | 0 | _aFinal report. |
| 260 |
_aWashington, _bPan American Union, _c1957. |
||
| 300 |
_a ii, 49 p. _c28cm. |
||
| 500 | _aAt head of title: Organization of American States. Inter-American Economic and Social Council. | ||
| 650 | 0 |
_aHousing _zLatin America _vCongresses. |
|
| 999 |
_c51341 _d51341 |
||